Catálogo
 En Linea
Vista normal Vista MARC

Entrada Nombre personal

Número de registros utilizados en: 1

001 - NÚMERO DE CONTROL

  • campo de control: 79614

003 - IDENTIFICADOR DEL NÚMERO DE CONTROL

  • campo de control: BNPHU

005 - FECHA Y HORA DE LA ÚLTIMA TRANSACCIÓN

  • campo de control: 20240301124012.0

008 - DATOS DE LONGITUD FIJA

  • campo de control de longitud fija: 210827|| aca||aabn | a|a d

040 ## - FUENTE DE LA CATALOGACIÓN

  • Centro catalogador/agencia de origen: DO-SdBNP
  • Lengua de catalogación: spa
  • Centro/agencia transcriptor: BNPHU
  • Normas de descripción: rda

100 1# - ENCABEZAMIENTO-NOMBRE DE PERSONA

  • Nombre de persona: Guaba, Pedro

370 ## - LUGAR ASOCIADO

  • Lugar de nacimiento: San Francisco de Macorís (República Dominicana)

374 ## - OCUPACIÓN

  • Ocupación: Filósofo
  • Ocupación: Maestro
  • Ocupación: Escritor

375 ## - GÉNERO/SEXO

  • Género/Sexo: Masculino

377 ## - LENGUA/LENGUAJE ASOCIADO

  • Código del idioma: spa

400 1# - TRAZADO DE VÉASE--NOMBRE DE PERSONA

  • Nombre de persona: Guuaba, Pedro Maria

670 ## - FUENTE DE DATOS ENCONTRADOS

  • Cita de la fuente: Work cat.: (DO-SdBNP): Guaba, Pedro, Cuentos y pico /, 2018.

Con tecnología Koha